| 000 | 00614nam a22002057a 4500 | ||
|---|---|---|---|
| 008 | 130309t xxu||||| |||| 00| 0 eng d | ||
| 020 | _a9-7801-0762-4078 | ||
| 082 |
_222 ed. _a347.06 _bGRI |
||
| 100 |
_a Griffith, James _97024 |
||
| 245 |
_aEvidence / _cGriffith James ,…[et al] , |
||
| 260 |
_aUSA : _bOxford University press _c2010 |
||
| 300 |
_axxxiv, 808 P. ; _c28 cm. |
||
| 500 | _aIncludes Index | ||
| 650 |
_aEvidence _91819 |
||
| 700 |
_a Mckeown, Paul _97025 |
||
| 700 |
_a McPeake, Robert _97026 |
||
| 700 | _a James, Griffith. | ||
| 700 | _aEdited by James, Griffith. | ||
| 942 |
_2ddc _cBK |
||
| 999 |
_c5312 _d5312 |
||